00444pab a2200145 454500008004000000100001900040245011700059260000900176300001600185362001100201650001300212650002100225650003200246773002000278180718b2015 xxu||||| |||| 00| 0 eng d aDutta, Jayanti aRejuvenating in service faculty training in higher education through course correction of academic staff college c2015 ap.15-16,25. a28 Dec aTraining aHigher education aInservice teacher education aUniversity News